000
00264nam a2200121Ia 4500
008
190216s9999||||xx |||||||||||||| ||und||
100
_a
Null
245
0
_a
Hindi-Kajusi Ka Fool
260
_b
Poorna Pubs Kozhikode
300
_a
32
650
_a
Hindi
942
_c
BK
999
_c
15930
_d
15930